| 000 | 00471nam a2200181Ia 4500 | ||
|---|---|---|---|
| 008 | 220726s9999||||xx |||||||||||||| ||und|| | ||
| 020 | _a9789388756235 | ||
| 082 | _a610 | ||
| 082 | _bVer/P | ||
| 100 | _aVerma, Ajit Kumar &Singh, Sapna & Chaudhary, Shaily | ||
| 245 | 0 | _aAjit Kumar-Practical Manual of Pharmacology- 1: B. Pharm-4th Semester | |
| 250 | _aN/A | ||
| 260 | _aAgra | ||
| 260 | _bR. Narain Publishers | ||
| 260 | _cN/A | ||
| 300 | _a96 | ||
| 942 | _cPB | ||
| 999 |
_c35825 _d35825 |
||